Egy nemzetközi szállítmányozási cég partnerállományának kezelése és bővítése

Bibliográfiai részletek
Szerző: Magyari Emese
További közreműködők: Horváth Dr Annamária
Dokumentumtípus: Záródolgozat
Kulcsszavak:szállítmányozás
partnerállomány
Nemzetközi fuvarozás és szállítmányozás
Online Access:http://dolgozattar.uni-bge.hu/5171

MARC

LEADER 00000nta a2200000 i 4500
001 dolg5171
005 20160429100350.0
008 160429suuuu hu o 000 hun d
040 |a BGE Dolgozattár Repozitórium  |b hun 
041 |a hu 
100 1 |a Magyari Emese 
245 1 0 |a Egy nemzetközi szállítmányozási cég partnerállományának kezelése és bővítése  |c Magyari Emese  |h [elektronikus dokumentum] 
516 |a Final_paper 
695 |a szállítmányozás 
695 |a partnerállomány 
695 |a Nemzetközi fuvarozás és szállítmányozás 
700 1 |a Horváth Dr Annamária  |e ths 
856 4 0 |u http://dolgozattar.uni-bge.hu/5171/1/Z%C3%A1r%C3%B3dolgozat.pdf  |z Dokumentum-elérés